| 000 | 00643nam a2200229Ia 4500 | ||
|---|---|---|---|
| 003 | OSt | ||
| 005 | 20220928105335.0 | ||
| 006 | a|||||r|||| 00| 0 | ||
| 007 | ta | ||
| 008 | 220927b |||||||| |||| 00| 0 eng d | ||
| 024 | _a61357 | ||
| 037 | _cTextual | ||
| 040 |
_aSDCL _cSDCL _beng |
||
| 041 |
_2eng _aeng |
||
| 082 | _aO152,1M89,1:g, L7 | ||
| 100 |
_aBhualka Dharamsheela _9414881 |
||
| 245 | 0 | _aKavey-Bimb aur kamayani ki Bimb Yojna. | |
| 260 |
_aNew Delhi _bNational Publishing house _c1977 |
||
| 300 |
_a349p _ccm. |
||
| 942 |
_hO152,1M89,1:g, L7 _cTEXL _2CC |
||
| 999 |
_c730699 _d730699 |
||